00442nam a2200157Ia 4500008004100000020002200041041000800063082001600071100001400087245007600101260003100177300000900208500001700217650002600234700002400260220803s9999 xx 000 0 und d a978-0-262-72006-9 aeng a722 VEN/BRO aVenturi R aLearning From Las Vegas : The Forgotten Symbolism Of Architectural Form aCambridgebMIT Pressc1977 a192p aArchitecture aArchitectural History aBrown D S Izenour S